|
|
|
|
| LEADER |
00000Cam#a2200000#a#4500 |
| 001 |
021073 |
| 005 |
20250214144254.0 |
| 008 |
090907s1998||||ag # e## #000|f#spa#d |
| 020 |
|
|
|a 9500715058
|
| 040 |
|
|
|a AR-BeUNQ
|
| 082 |
0 |
4 |
|a 863
|2 21
|
| 100 |
1 |
|
|a Escandón, María Amparo
|
| 245 |
0 |
2 |
|a Santitos
|c María Amparo Escandón.
|
| 260 |
|
|
|a Buenos Aires :
|b Sudamericana,
|c 1998.
|
| 300 |
|
|
|a 221 p. ;
|c 21 cm.
|
| 650 |
|
7 |
|a Novelas
|2 ttll
|
| 650 |
|
7 |
|a Literatura hispanoamericana
|2 ttll
|
| 650 |
|
7 |
|a Novelas
|2 ttll
|
| 651 |
|
7 |
|a México
|2 spines
|
| 929 |
|
|
|a DONACION
|b Margarita Pierini
|d 0,00
|e 20090821
|f PAT0031850
|g 1371 Exp. 827-0387/98
|j 44085
|
| 942 |
|
|
|c LIB
|n 0
|
| 999 |
|
|
|c 20636
|d 96023
|